[Event "4NCL/Div4/LIT1 vs. AMCAH"]
[Site "Wokefield Park ENG"]
[Date "2008.05.04"]
[Round "10.5"]
[White "Jaszkiwskyj, Peter"]
[Black "Periasamymanjula, Mani"]
[Result "1-0"]
[WhiteElo "2005"]
[BlackElo "1673"]
[PlyCount "117"]
[EventDate "2008.05.04"]
[EventType "team"]
[EventRounds "11"]
[EventCountry "ENG"]
[SourceDate "2007.09.15"]

1. e4 e5 2. Nf3 Nc6 3. Bb5 a6 4. Ba4 Nf6 5. O-O Be7 6. Re1 b5 7. Bb3 O-O 8. a4
b4 9. d4 Nxd4 10. Nxd4 exd4 11. e5 Ne8 12. Qxd4 c5 13. Qe4 Nc7 14. Rd1 Rb8 15.
Be3 Bb7 16. Qg4 d5 17. exd6 Bxd6 18. Bxc5 Re8 19. Bd4 Bf8 20. Be3 Qf6 21. Nd2
Ne6 22. Ne4 Qe5 23. Ng3 Nc5 24. Bf4 Qxb2 25. Bxf7+ Kxf7 26. Bxb8 Kg8 27. Qc4+
Kh8 28. Ba7 Ne4 29. Bd4 Nc3 30. Bxc3 bxc3 31. Rdb1 Qxc2 32. Rxb7 Qd2 33. Rc7
Qh6 34. Qxc3 Qe6 35. Rc1 h6 36. Rc6 Qf7 37. Rxh6+ Kg8 38. Rxa6 Be7 39. Qc4 Qxc4
40. Rxc4 Bf6 41. Re4 Rc8 42. Rae6 Kh7 43. a5 Ra8 44. a6 Ra7 45. Nh5 Bc3 46. g3
Ra8 47. Rc6 Bb2 48. Re7 Bd4 49. Nxg7 Bxg7 50. Rcc7 Rxa6 51. Rxg7+ Kh6 52. Kg2
Ra2 53. Rgd7 Kg5 54. h4+ Kg4 55. Rc5 Rxf2+ 56. Kxf2 Kh3 57. Kf3 Kh2 58. Rc1 Kh3
59. Rh1# 1-0

[Event "4NCL/Div4/LIT1 vs. AMCAH"]
[Site "Wokefield Park ENG"]
[Date "2008.05.04"]
[Round "10.6"]
[White "Andreev, Peter"]
[Black "Harrison, Peter K"]
[Result "0-1"]
[WhiteElo "1705"]
[BlackElo "1915"]
[PlyCount "70"]
[EventDate "2008.05.04"]
[EventType "team"]
[EventRounds "11"]
[EventCountry "ENG"]
[SourceDate "2007.09.15"]

1. e4 c6 2. d3 d5 3. Nd2 e6 4. Ngf3 Nd7 5. g3 Bc5 6. c3 e5 7. b4 Bb6 8. a4 Ngf6
9. Bg2 dxe4 10. dxe4 a5 11. O-O O-O 12. Re1 Ng4 13. Re2 Ndf6 14. h3 Nxf2 15.
Qf1 N2xe4+ 16. Kh2 Nxc3 17. Rxe5 axb4 18. Qc4 Nfd5 19. Ne4 Nxe4 20. Qxe4 Nf6
21. Qxb4 Bc7 22. Re1 Ba5 23. Qh4 Bxe1 24. Nxe1 Re8 25. Nf3 Re2 26. Ng5 Qd5 27.
Ne4 Qxe4 28. Qxe4 Nxe4 29. Bf4 Be6 30. Rd1 Bd5 31. Kg1 Rxg2+ 32. Kf1 Rf2+ 33.
Kg1 Rxa4 34. Re1 Raa2 35. g4 Rg2+ 0-1

[Event "4NCL/Div4/SSC vs. CONQ1"]
[Site "Wokefield Park ENG"]
[Date "2008.05.04"]
[Round "10.1"]
[White "Fryer, David W"]
[Black "Ynojosa, Felix J"]
[Result "0-1"]
[WhiteElo "2079"]
[BlackElo "2089"]
[PlyCount "56"]
[EventDate "2008.05.04"]
[EventType "team"]
[EventRounds "11"]
[EventCountry "ENG"]
[SourceDate "2007.09.15"]

1. e4 c5 2. Nc3 Nc6 3. g3 g6 4. Bg2 Bg7 5. d3 d6 6. Be3 e5 7. Nge2 Nd4 8. Nc1
Be6 9. h3 Qd7 10. N3e2 Ne7 11. c3 Ndc6 12. Qd2 f5 13. f4 O-O 14. fxe5 Nxe5 15.
Nf4 fxe4 16. Bxe4 Nf5 17. Bf2 d5 18. Bg2 Bh6 19. Nce2 d4 20. cxd4 Nxd4 21. Bxd4
cxd4 22. Qa5 Bxf4 23. Nxf4 Rxf4 24. Qxe5 Rf5 25. Qe2 Qd6 26. O-O-O Bxa2 27. Rd2
Bb3 28. Bxb7 Qc7+ 0-1

[Event "4NCL/Div4/SSC vs. CONQ1"]
[Site "Wokefield Park ENG"]
[Date "2008.05.04"]
[Round "10.2"]
[White "Bailey, Kevin"]
[Black "Tucker, Andrew L"]
[Result "1/2-1/2"]
[WhiteElo "2062"]
[BlackElo "1964"]
[PlyCount "56"]
[EventDate "2008.05.04"]
[EventType "team"]
[EventRounds "11"]
[EventCountry "ENG"]
[SourceDate "2007.09.15"]

1. e4 c5 2. Nf3 Nc6 3. d4 cxd4 4. Nxd4 Nf6 5. Nc3 e6 6. Ndb5 Bb4 7. a3 Bxc3+ 8.
Nxc3 d5 9. exd5 exd5 10. Bd3 O-O 11. O-O d4 12. Ne2 Bg4 13. f3 Bh5 14. Bg5 Qd6
15. Qe1 Bg6 16. Rd1 Rfe8 17. Qf2 Rad8 18. Rd2 Qe5 19. Bxf6 Qxf6 20. Rfd1 Re6
21. Bxg6 hxg6 22. Nxd4 Nxd4 23. Rxd4 Rxd4 24. Rxd4 Re1+ 25. Qxe1 Qxd4+ 26. Kf1
Qxb2 27. Qe8+ Kh7 28. Qa4 Qb1+ 1/2-1/2

[Event "4NCL/Div4/SSC vs. CONQ1"]
[Site "Wokefield Park ENG"]
[Date "2008.05.04"]
[Round "10.3"]
[White "Grant, David"]
[Black "Auckland, Elliott"]
[Result "1-0"]
[WhiteElo "1964"]
[BlackElo "1979"]
[PlyCount "77"]
[EventDate "2008.05.04"]
[EventType "team"]
[EventRounds "11"]
[EventCountry "ENG"]
[SourceDate "2007.09.15"]

1. e4 c5 2. c3 e6 3. Nf3 Ne7 4. d3 d5 5. Nbd2 Nbc6 6. g3 Ng6 7. h4 Bd6 8. Qe2
Bc7 9. h5 Nge7 10. e5 d4 11. c4 Nb4 12. Ne4 Bb8 13. Bg2 Nec6 14. h6 g6 15. Bg5
Qa5 16. O-O Qa4 17. b3 Qa5 18. Bf6 O-O 19. Bg7 f5 20. Nf6+ Rxf6 21. exf6 Nd8
22. Ng5 Qb6 23. a3 Na6 24. Bd5 Nc7 25. Rfe1 Qd6 26. f7+ Nxf7 27. Nxf7 Kxf7 28.
Be5 Qd7 29. Bg2 a5 30. g4 Ne8 31. Bxb8 Rxb8 32. Qe5 Qd6 33. Qh8 Bd7 34. Qxh7+
Kf6 35. gxf5 gxf5 36. f4 Bc6 37. Re5 Qf8 38. Bxc6 bxc6 39. Rae1 1-0

[Event "4NCL/Div4/SSC vs. CONQ1"]
[Site "Wokefield Park ENG"]
[Date "2008.05.04"]
[Round "10.4"]
[White "Cork, David J"]
[Black "Salimbeni, George"]
[Result "0-1"]
[WhiteElo "2019"]
[BlackElo "2029"]
[PlyCount "84"]
[EventDate "2008.05.04"]
[EventType "team"]
[EventRounds "11"]
[EventCountry "ENG"]
[SourceDate "2007.09.15"]

1. e4 e5 2. Nf3 Nc6 3. Bb5 a6 4. Ba4 Nf6 5. O-O Be7 6. d4 exd4 7. e5 Ne4 8.
Nxd4 Nxd4 9. Qxd4 Nc5 10. Qg4 Nxa4 11. Qxg7 Rf8 12. Bh6 Nc5 13. Qxh7 Ne6 14. f4
Bc5+ 15. Kh1 Qh4 16. Nd2 Be7 17. Rf3 b6 18. Qe4 Qxh6 19. Qxa8 Kd8 20. Raf1 Nd4
21. Rh3 Qg6 22. Ne4 Nf5 23. Nc3 Rg8 24. Qe4 c6 25. Rd3 Bc5 26. Ne2 Ne3 27. Qxg6
Rxg6 28. Rf3 Nxg2 29. Rg3 Nh4 30. Rxg6 Nxg6 31. Rh3 Ke7 32. c3 d6 33. b4 Bxh3
34. bxc5 bxc5 35. exd6+ Kxd6 36. Kg1 Bg4 37. Ng3 Nxf4 38. Ne4+ Ke5 39. Nxc5
Ne2+ 40. Kf2 Nxc3 41. Kg3 f5 42. h3 Ne4+ 0-1

[Event "4NCL/Div4/SSC vs. CONQ1"]
[Site "Wokefield Park ENG"]
[Date "2008.05.04"]
[Round "10.5"]
[White "Woods, Tim"]
[Black "Suarez Prendes, Rufino"]
[Result "1-0"]
[WhiteElo "1940"]
[BlackElo "1881"]
[PlyCount "77"]
[EventDate "2008.05.04"]
[EventType "team"]
[EventRounds "11"]
[EventCountry "ENG"]
[SourceDate "2007.09.15"]

1. e4 e6 2. d4 d5 3. Nc3 Bb4 4. e5 c5 5. a3 Bxc3+ 6. bxc3 b6 7. Qg4 Ne7 8. Qxg7
Rg8 9. Qxh7 Qc7 10. f4 cxd4 11. Qd3 dxc3 12. Nf3 Ba6 13. Qd1 Bxf1 14. Kxf1 Nf5
15. Qd3 Qc5 16. Rb1 Nd7 17. Rg1 Rg4 18. Rb5 Qc6 19. Rb1 O-O-O 20. Nd4 Nxd4 21.
Qxd4 Nc5 22. Qxc3 d4 23. Qf3 Ne4 24. Qd3 Nc3 25. Rb4 Kb8 26. Rxd4 Rxd4 27. Qxd4
Nd5 28. c4 Qa4 29. g3 Rg8 30. Rg2 Nc7 31. Rd2 Qb3 32. Qd3 Qa4 33. Rb2 Qa5 34.
Rd2 Qc5 35. Kg2 Rc8 36. Rd1 Qa5 37. Be3 Qa4 38. Bf2 Qa6 39. c5 1-0

[Event "4NCL/Div4/SSC vs. CONQ1"]
[Site "Wokefield Park ENG"]
[Date "2008.05.04"]
[Round "10.6"]
[White "Paul, Barnaby"]
[Black "Yates, Christopher"]
[Result "0-1"]
[WhiteElo "1670"]
[BlackElo "1680"]
[PlyCount "122"]
[EventDate "2008.05.04"]
[EventType "team"]
[EventRounds "11"]
[EventCountry "ENG"]
[SourceDate "2007.09.15"]

1. c4 e6 2. g3 d5 3. Bg2 Nf6 4. e3 c6 5. cxd5 exd5 6. Ne2 Be7 7. d4 Bf5 8. Nbc3
O-O 9. O-O Nbd7 10. a3 a5 11. f3 Nb6 12. e4 dxe4 13. fxe4 Bg4 14. Bf3 Be6 15.
Nf4 Bc4 16. Re1 a4 17. d5 Bc5+ 18. Be3 Bb3 19. Qd3 Bxe3+ 20. Rxe3 Nc4 21. Re2
Ne5 22. Qe3 Re8 23. dxc6 Nxc6 24. Nd3 {=} Nd4 25. Rae1 Nxe2+ 26. Rxe2 Rc8 27.
Rd2 Qa5 28. e5 Nd5 29. Nxd5 Bxd5 30. Bxd5 Qxd5 31. Re2 Red8 32. Nf4 Qd4 33. Kf2
Qxe3+ 34. Kxe3 Re8 35. Kd4 Red8+ 36. Ke4 Rc6 37. Kf5 g6+ 38. Kg5 Kg7 39. e6 Re8
40. e7 Rd6 41. h4 Rd7 42. h5 h6+ 43. Kg4 Rdxe7 44. Rd2 Re4 45. hxg6 fxg6 46.
Kf3 g5 47. Nd5 g4+ 48. Kf2 Rd8 49. Rd1 Re5 50. Nc3 Rxd1 51. Nxd1 Kg6 52. Ne3 h5
53. Ng2 Rb5 54. Nf4+ Kg5 55. Nd3 h4 56. gxh4+ Kxh4 57. Kg2 Rb3 58. Nf4 Rxb2+
59. Kg1 Kg3 60. Nh5+ Kf3 61. Kh1 g3 0-1

[Event "4NCL/Div4/PPA2 vs. OXF3"]
[Site "Wokefield Park ENG"]
[Date "2008.05.04"]
[Round "10.1"]
[White "Goodger, Martyn"]
[Black "Chen, Ti"]
[Result "0-1"]
[WhiteElo "2180"]
[BlackElo "1995"]
[PlyCount "66"]
[EventDate "2008.05.04"]
[EventType "team"]
[EventRounds "11"]
[EventCountry "ENG"]
[SourceDate "2007.09.15"]

1. e4 e6 2. Nf3 d5 3. Nc3 Nf6 4. e5 Nfd7 5. d4 c5 6. dxc5 Bxc5 7. Bd3 Nc6 8.
Qe2 Nb4 9. Bb5 a6 10. Ba4 b5 11. Bb3 O-O 12. O-O Kh8 13. a4 bxa4 14. Nxa4 Be7
15. c4 Bb7 16. cxd5 Nxd5 17. Bd2 a5 18. Rfd1 Qb8 19. Bc2 Rc8 20. Rac1 Bc6 21.
Qe4 N5f6 22. Qf4 Bxf3 23. Qxf3 Nxe5 24. Qh3 Rc4 25. Bg5 Neg4 26. Bxf6 Nxf6 27.
Bxh7 Rxc1 28. Bb1+ Kg8 29. Rxc1 Qf4 30. Rd1 Qxa4 31. b3 Qg4 32. Bh7+ Kf8 33.
Qd3 Nxh7 0-1

[Event "4NCL/Div4/PPA2 vs. OXF3"]
[Site "Wokefield Park ENG"]
[Date "2008.05.04"]
[Round "10.2"]
[White "Hadi, Justin"]
[Black "Richter, Hans"]
[Result "0-1"]
[WhiteElo "1985"]
[BlackElo "2144"]
[PlyCount "54"]
[EventDate "2008.05.04"]
[EventType "team"]
[EventRounds "11"]
[EventCountry "ENG"]
[SourceDate "2007.09.15"]

1. e4 c5 2. c3 e6 3. d4 d5 4. e5 Qb6 5. a3 Bd7 6. b4 cxd4 7. cxd4 Nc6 8. Nf3
Rc8 9. Be2 Nh6 10. O-O Nf5 11. Be3 Be7 12. Qd2 O-O 13. Nc3 Qd8 14. Rac1 f6 15.
Bf4 fxe5 16. Bxe5 Be8 17. Rfe1 a5 18. bxa5 Nxe5 19. Nxe5 Bxa3 20. Rc2 Bb4 21.
a6 bxa6 22. Bxa6 Rxc3 23. Rxc3 Qa5 24. Qd3 Bxc3 25. Bc8 Bxe1 26. Bxe6+ Kh8 27.
Bxf5 Qd2 0-1

[Event "4NCL/Div4/PPA2 vs. OXF3"]
[Site "Wokefield Park ENG"]
[Date "2008.05.04"]
[Round "10.3"]
[White "McMahon, Paul"]
[Black "Zhang, Marco"]
[Result "0-1"]
[WhiteElo "2018"]
[BlackElo "1925"]
[PlyCount "68"]
[EventDate "2008.05.04"]
[EventType "team"]
[EventRounds "11"]
[EventCountry "ENG"]
[SourceDate "2007.09.15"]

1. Nc3 Nf6 2. e4 d6 3. Nf3 g6 4. Bc4 Bg7 5. O-O Nc6 6. d4 Bg4 7. Be3 O-O 8. h3
Bxf3 9. Qxf3 Nd7 10. Qd1 e5 11. Ne2 exd4 12. Nxd4 Nce5 13. Be2 Nc5 14. f4 Ned7
15. Bd3 Nf6 16. f5 Nfxe4 17. Qg4 Nf6 18. Qf3 Nxd3 19. cxd3 c6 20. Bg5 Qb6 21.
Qf2 Ne4 22. Qh4 Qxd4+ 23. Kh1 Nxg5 24. Qxg5 Bf6 25. Qg3 Be5 26. Qg5 Bf6 27. Qg3
Rad8 28. Rac1 Qh4 29. Qf3 Be5 30. d4 Qxd4 31. f6 Qh4 32. Rc3 Bxc3 33. bxc3 Rfe8
34. Qd1 Re6 0-1

[Event "4NCL/Div4/PPA2 vs. OXF3"]
[Site "Wokefield Park ENG"]
[Date "2008.05.04"]
[Round "10.4"]
[White "Levicki, Jeffrey"]
[Black "McCorry, Robert T"]
[Result "0-1"]
[WhiteElo "1926"]
[BlackElo "2097"]
[PlyCount "70"]
[EventDate "2008.05.04"]
[EventType "team"]
[EventRounds "11"]
[EventCountry "ENG"]
[SourceDate "2007.09.15"]

1. e4 Nc6 2. d4 d5 3. e5 Bf5 4. h4 f6 5. Nf3 Qd7 6. Bb5 a6 7. Bxc6 Qxc6 8. c3
Bg4 9. O-O O-O-O 10. Bf4 g5 11. hxg5 fxg5 12. Bxg5 Qg6 13. Nbd2 Bh6 14. Be3 e6
15. b4 Ne7 16. b5 axb5 17. a4 b4 18. cxb4 Rhg8 19. Rc1 Nf5 20. Bxh6 Nxd4 21.
Bg5 Rdf8 22. Rc3 Rf5 23. Ne4 Bxf3 24. Nd6+ Kb8 25. Qxd4 Qxg5 26. g3 Qh5 27.
Rxf3 Rxf3 28. Nb5 b6 29. Nxc7 Kxc7 30. Rc1+ Kb7 31. a5 Rfxg3+ 32. fxg3 Rxg3+
33. Kf1 Qh1+ 34. Ke2 Rg2+ 35. Kf3 Qh3+ 0-1

[Event "4NCL/Div4/PPA2 vs. OXF3"]
[Site "Wokefield Park ENG"]
[Date "2008.05.04"]
[Round "10.5"]
[White "Judkins, Brian"]
[Black "Terry, Sean"]
[Result "1/2-1/2"]
[WhiteElo "1945"]
[BlackElo "1855"]
[PlyCount "50"]
[EventDate "2008.05.04"]
[EventType "team"]
[EventRounds "11"]
[EventCountry "ENG"]
[SourceDate "2007.09.15"]

1. e4 g6 2. d4 Bg7 3. c4 d6 4. Nc3 c6 5. Be3 Nf6 6. f3 O-O 7. Nge2 e5 8. Qd2
Nbd7 9. d5 Qc7 10. g4 h5 11. gxh5 Nxh5 12. Ng3 Nf4 13. h4 Nf6 14. Nce2 N6h5 15.
Nxh5 Nxh5 16. Bh6 b5 17. Bxg7 Kxg7 18. cxb5 cxd5 19. Qxd5 Be6 20. Qd2 Qb6 21.
Rc1 Bxa2 22. Rc6 Qxb5 23. Nf4 Qxc6 24. Nxh5+ Kh7 25. Nf6+ Kg7 1/2-1/2

[Event "4NCL/Div4/PPA2 vs. OXF3"]
[Site "Wokefield Park ENG"]
[Date "2008.05.04"]
[Round "10.6"]
[White "Henbest, Kevin B"]
[Black "Mountford, Corinne"]
[Result "1-0"]
[WhiteElo "1785"]
[BlackElo "1615"]
[PlyCount "75"]
[EventDate "2008.05.04"]
[EventType "team"]
[EventRounds "11"]
[EventCountry "ENG"]
[SourceDate "2007.09.15"]

1. e4 g6 2. d4 Bg7 3. Nf3 d6 4. Be3 a6 5. Bd3 Nd7 6. O-O b6 7. Re1 Bb7 8. c3 e6
9. Nbd2 Ne7 10. Qb3 O-O 11. a4 Rc8 12. Bg5 h6 13. Bh4 g5 14. Bg3 Nf6 15. e5
dxe5 16. Nxe5 Nh5 17. Be4 Bxe4 18. Nxe4 Bxe5 19. Bxe5 Nd5 20. Qd1 Ng7 21. c4
Ne7 22. Nf6+ Kh8 23. Qd3 Ng6 24. Qh3 Nf5 25. Nd7+ Nxe5 26. Nxe5 Qxd4 27. Rad1
Qxb2 28. Rd7 Kg7 29. Qh5 Nd6 30. Ng4 Nf5 31. h4 Qc3 32. Rxe6 Qc1+ 33. Kh2 Qf4+
34. g3 Qxc4 35. Rg6+ Kh7 36. Rxh6+ Nxh6 37. Qxh6+ Kg8 38. Nf6# 1-0

[Event "4NCL/Div4/HAL vs. GUI5"]
[Site "Wokefield Park ENG"]
[Date "2008.05.04"]
[Round "10.1"]
[White "Doran, Michael J"]
[Black "Gibbs, Daniel"]
[Result "1-0"]
[WhiteElo "1980"]
[BlackElo "1990"]
[PlyCount "106"]
[EventDate "2008.05.04"]
[EventType "team"]
[EventRounds "11"]
[EventCountry "ENG"]
[SourceDate "2007.09.15"]

1. e4 g6 2. d4 Bg7 3. h4 d5 4. e5 c5 5. c3 Nc6 6. Be2 e6 7. a3 cxd4 8. cxd4 Qb6
9. Nf3 Bd7 10. Nc3 f6 11. Na4 Qc7 12. exf6 Bxf6 13. O-O h6 14. b4 g5 15. Qc2
O-O-O 16. Bb2 Nxd4 {=} 17. Qxc7+ Kxc7 18. Nxd4 Bxa4 19. Nxe6+ Kd6 20. Bxf6 Nxf6
21. Nxd8 Rxd8 22. hxg5 hxg5 23. Rfe1 Ne4 24. Bd1 Bb5 25. Rc1 Rf8 26. Bf3 Nxf2
27. Kxf2 g4 28. Ke3 gxf3 29. gxf3 d4+ 30. Kxd4 Rxf3 31. Re3 Rf4+ 32. Re4 Rf3
33. Rh4 Rd3+ 34. Ke4 Rxa3 35. Rh6+ Kd7 {=} 36. Rg1 Bc6+ 37. Kd4 Rf3 38. Rg7+
Ke8 39. Rc7 Kd8 40. Rg7 Ke8 41. Rh8+ Rf8 42. Rhh7 a6 43. Kc5 Rf5+ 44. Kb6 Rb5+
45. Ka7 Rf5 46. Rh8+ Rf8 47. Rxf8+ Kxf8 48. Rxb7 Bb5 49. Rxb5 axb5 50. Kb6 Ke7
51. Kxb5 Kd7 52. Kb6 Kd6 53. b5 Kd7 1-0

[Event "4NCL/Div4/HAL vs. GUI5"]
[Site "Wokefield Park ENG"]
[Date "2008.05.04"]
[Round "10.2"]
[White "Deswarte, Ian"]
[Black "Lee, Darren"]
[Result "1/2-1/2"]
[WhiteElo "1935"]
[BlackElo "1950"]
[PlyCount "104"]
[EventDate "2008.05.04"]
[EventType "team"]
[EventRounds "11"]
[EventCountry "ENG"]
[SourceDate "2007.09.15"]

1. e4 e5 2. Nf3 Nc6 3. Bb5 a6 4. Ba4 Nf6 5. O-O Be7 6. Re1 b5 7. Bb3 d6 8. h3
O-O 9. c3 Bb7 10. d4 Re8 11. Nbd2 Bf8 12. d5 Nb8 13. Nf1 h6 14. Ng3 Nbd7 15.
Be3 c6 16. dxc6 Bxc6 17. Bc2 Nc5 18. Bc1 Qc7 19. b4 Ncd7 20. Qe2 Bb7 21. Bb2
Nb6 22. Bb3 Nc4 23. Rad1 Rac8 24. Bc1 g6 25. Nh2 Bg7 26. Ng4 Nxg4 27. Qxg4 Rcd8
28. Nf1 d5 29. exd5 Bxd5 30. Qg3 Be6 31. Bc2 Rxd1 32. Rxd1 Qc6 33. Ne3 Nxe3 34.
Qxe3 Bxa2 35. Be4 Qc7 36. Qd2 Be6 37. Qd6 Qxc3 38. Qxa6 Qxb4 39. Bc6 Qb3 40.
Re1 Qc3 41. Rd1 Qc2 42. Rf1 Rd8 43. Bxb5 Rd1 44. Be3 Rxf1+ 45. Bxf1 Qd1 46. Kh2
Kh7 47. Be2 Qb3 48. Qd6 Qb2 49. Qa6 e4 50. Bc4 Be5+ 51. g3 Bd4 52. Bxe6 Bxe3
1/2-1/2

[Event "4NCL/Div4/HAL vs. GUI5"]
[Site "Wokefield Park ENG"]
[Date "2008.05.04"]
[Round "10.3"]
[White "Peck, Windsor W"]
[Black "Shaw, Matthew"]
[Result "1/2-1/2"]
[WhiteElo "1825"]
[BlackElo "1935"]
[PlyCount "134"]
[EventDate "2008.05.04"]
[EventType "team"]
[EventRounds "11"]
[EventCountry "ENG"]
[SourceDate "2007.09.15"]

1. d4 Nf6 2. Nf3 g6 3. Nc3 Bg7 4. e4 d6 5. Be3 O-O 6. Qd2 c6 7. Bd3 Bg4 8. Bh6
Nbd7 9. Bxg7 Kxg7 10. h3 Bxf3 11. gxf3 e5 12. dxe5 dxe5 13. O-O-O Qa5 14. h4
Nh5 15. a3 Nc5 16. Bc4 Rfd8 17. Qg5 f6 18. Qe3 Na6 19. Kb1 b5 20. Be6 Nc7 21.
Bd7 b4 22. axb4 Qxb4 23. Bxc6 Rab8 24. b3 Rd4 25. Kb2 Rb6 26. Na2 Qd6 27. Bd5
Nxd5 28. Rxd4 exd4 29. Qxd4 Ndf4 30. Rd1 Qxd4+ 31. Rxd4 Rb7 32. c4 Ne6 33. Rd2
Nhf4 34. Nc3 h5 35. Rd1 Nc5 36. Nb5 a6 37. Nd4 Kf7 38. Kc2 Rd7 39. b4 Nce6 40.
Nxe6 Kxe6 41. Ra1 Rd6 42. b5 axb5 43. cxb5 Ng2 44. Ra6 Kd7 45. Ra7+ Kc8 46. Kc3
Nxh4 47. f4 Ng2 48. e5 fxe5 49. fxe5 Re6 50. Kd4 h4 51. Rh7 g5 52. Ke4 Nf4 53.
Kf5 Rg6 54. f3 Rg8 55. Kf6 Rg6+ 56. Kf5 Rg8 57. e6 Nxe6 58. Kxe6 g4 59. fxg4
Rxg4 60. Kd5 Rg5+ 61. Kc6 Rg6+ 62. Kc5 Rg5+ 63. Kb6 Rg6+ 64. Ka5 Rf6 65. Rxh4
Kb7 66. Rh7+ Kb8 67. b6 Rf1 1/2-1/2

[Event "4NCL/Div4/HAL vs. GUI5"]
[Site "Wokefield Park ENG"]
[Date "2008.05.04"]
[Round "10.4"]
[White "Albrecht, Theo"]
[Black "Pakenham, John H"]
[Result "1-0"]
[WhiteElo "1900"]
[BlackElo "1680"]
[PlyCount "101"]
[EventDate "2008.05.04"]
[EventType "team"]
[EventRounds "11"]
[EventCountry "ENG"]
[SourceDate "2007.09.15"]

1. e4 e5 2. d3 Nf6 3. Nf3 d6 4. Be2 Bg4 5. Nbd2 Be7 6. O-O Nbd7 7. c3 c5 8. a4
O-O 9. Qc2 h6 10. Re1 Qc7 11. Nc4 a5 12. Na3 Qc8 13. Nb5 Nh5 14. h3 Bxf3 15.
Bxf3 Nf4 16. Bxf4 exf4 17. Qd2 Ne5 18. Qe2 Qd7 19. Rad1 Rfc8 20. d4 Nxf3+ 21.
Qxf3 Bg5 22. e5 d5 23. Nd6 cxd4 24. Nxc8 Rxc8 25. Rxd4 Rc5 26. Red1 b6 27. Rxd5
Rxd5 28. Qxd5 Qxa4 29. Re1 Be7 30. Qa8+ Kh7 31. Qe4+ Qxe4 32. Rxe4 g5 33. Rd4
Bc5 34. Rd7 Kg6 35. Ra7 h5 36. Kf1 Kf5 37. Rxf7+ Kxe5 38. g4 hxg4 39. hxg4 Ke6
40. Rf5 Be7 41. Ke2 a4 42. Kd3 a3 43. bxa3 Bxa3 44. Rxg5 Kf6 45. Rf5+ Kg6 46.
Rxf4 Kg5 47. Re4 Bc5 48. f3 Ba3 49. Kc4 Bd6 50. Kb5 Bc7 51. c4 1-0

[Event "4NCL/Div4/GREN vs. LIT2"]
[Site "Wokefield Park ENG"]
[Date "2008.05.04"]
[Round "10.1"]
[White "Hardy, Roger"]
[Black "Mapletoft, Alexander J"]
[Result "1-0"]
[WhiteElo "2024"]
[BlackElo "1865"]
[PlyCount "57"]
[EventDate "2008.05.04"]
[EventType "team"]
[EventRounds "11"]
[EventCountry "ENG"]
[SourceDate "2007.09.15"]

1. g3 e5 2. Bg2 Nf6 3. c4 d5 4. cxd5 Nxd5 5. Nc3 Be6 6. Nf3 Nc6 7. Qa4 f6 8.
Nxd5 Bxd5 9. O-O Bc5 10. d3 Bb6 11. Bd2 Qd7 12. Rfd1 O-O-O 13. Rac1 g5 14. Bc3
h5 15. Nd2 Bxg2 16. Kxg2 h4 17. g4 h3+ 18. Kf1 f5 19. Nc4 fxg4 20. Nxb6+ cxb6
21. Bxe5 Rhe8 22. Bg3 Qe6 23. e4 a6 24. Qb4 Rxd3 25. Rxd3 b5 26. Qd6 Qxd6 27.
Rxd6 Rxe4 28. Re1 Rxe1+ 29. Kxe1 1-0

[Event "4NCL/Div4/GREN vs. LIT2"]
[Site "Wokefield Park ENG"]
[Date "2008.05.04"]
[Round "10.2"]
[White "Turvey, Steven"]
[Black "Bromilow, Edward"]
[Result "1/2-1/2"]
[WhiteElo "1915"]
[BlackElo "1955"]
[PlyCount "79"]
[EventDate "2008.05.04"]
[EventType "team"]
[EventRounds "11"]
[EventCountry "ENG"]
[SourceDate "2007.09.15"]

1. e4 c6 2. d4 d5 3. e5 c5 4. c3 Nc6 5. Nf3 Bg4 6. Be2 e6 7. b3 cxd4 8. Nxd4
Bxe2 9. Qxe2 a6 10. O-O Rc8 11. Rd1 Qa5 12. Bd2 Qc7 13. Nxc6 Qxc6 14. Be3 Ne7
15. Bd4 Nf5 16. Qd3 Be7 17. a4 O-O 18. Nd2 Nxd4 19. cxd4 Qc2 20. Nf3 Qxd3 21.
Rxd3 Bb4 22. Ne1 Rc7 23. Kf1 Rfc8 24. Ke2 Bxe1 25. Rxe1 Rc2+ 26. Rd2 Kf8 27.
Red1 {=} Ke7 28. Rxc2 Rxc2+ 29. Rd2 Rc1 30. Rd1 Rxd1 31. Kxd1 a5 32. f4 f6 33.
Ke2 fxe5 34. fxe5 Kf7 35. Kf3 {=} Kg6 36. g4 h5 37. Kf4 Kh6 38. g5+ Kg6 39. h3
Kf7 40. Kg3 1/2-1/2

[Event "4NCL/Div4/GREN vs. LIT2"]
[Site "Wokefield Park ENG"]
[Date "2008.05.04"]
[Round "10.3"]
[White "Stepanyan, Henrik"]
[Black "Zitha, Ben"]
[Result "1-0"]
[WhiteElo "1920"]
[BlackElo "1847"]
[PlyCount "135"]
[EventDate "2008.05.04"]
[EventType "team"]
[EventRounds "11"]
[EventCountry "ENG"]
[SourceDate "2007.09.15"]

1. d4 Nf6 2. c4 g6 3. Nc3 Bg7 4. Nf3 O-O 5. e4 d6 6. Be3 Na6 7. Be2 e5 8. d5
Ng4 9. Qd2 Nxe3 10. Qxe3 Nb4 11. Qd2 a5 12. O-O Bd7 13. Ne1 f5 14. exf5 gxf5
15. f3 Rf6 16. Nd3 Nxd3 17. Bxd3 Kh8 18. Rf2 Qe7 19. Re1 Rg8 20. Ree2 Bh6 21.
Qc2 Qf7 22. Kf1 Rg7 23. a3 Bf4 24. g3 Bh6 25. Ke1 Rg8 26. Qb1 Bg7 27. Qc2 h5
28. Kd1 Bh6 29. Rg2 h4 30. gxh4 Rxg2 31. Rxg2 Qh5 32. Qf2 Bf4 33. Be2 Rh6 34.
Qg1 Qf7 35. Qa7 Rxh4 36. Qxb7 Rxh2 37. Qa8+ Kh7 38. Rxh2+ Bxh2 39. Qxa5 Qg7 40.
Qa7 Bf4 41. Qf2 Bh6 42. Bd3 Qg5 43. Kc2 Kg7 44. Kb3 Qe3 45. Qxe3 Bxe3 46. Kc2
Kf8 47. b4 Ke7 48. Kb3 Kd8 49. Ne2 Kc8 50. Ng3 f4 51. Ne4 Be8 52. c5 dxc5 53.
bxc5 Bh5 54. Be2 Bf7 55. Kc4 Kb8 56. c6 Ka7 57. Ng5 Be8 58. Kb5 Bg6 59. Ne6 Kb8
60. Nf8 Bf7 61. Ne6 Bh5 62. d6 cxd6 63. c7+ Kc8 64. Kb4 Bc5+ 65. Kb3 Bxf3 66.
Bxf3 Bb6 67. Kb4 Kd7 68. Kb5 1-0

[Event "4NCL/Div4/GREN vs. LIT2"]
[Site "Wokefield Park ENG"]
[Date "2008.05.04"]
[Round "10.4"]
[White "Farrall, David J"]
[Black "Jennings, Michael"]
[Result "1-0"]
[WhiteElo "1802"]
[BlackElo "1780"]
[PlyCount "57"]
[EventDate "2008.05.04"]
[EventType "team"]
[EventRounds "11"]
[EventCountry "ENG"]
[SourceDate "2007.09.15"]

1. d4 Nf6 2. Nc3 d5 3. Bg5 g6 4. e3 Bg7 5. Bd3 b6 6. Nf3 Bb7 7. Bxf6 Bxf6 8. h4
h5 9. Ne5 Bxe5 10. dxe5 Nd7 11. e6 Nc5 12. exf7+ Kxf7 13. Rh3 Nxd3+ 14. Qxd3
Qd6 15. O-O-O d4 16. Ne4 Bxe4 17. Qxe4 c5 18. exd4 Rad8 19. d5 Kg7 20. Re3 Rhe8
21. Rdd3 Rc8 22. g4 c4 23. Ra3 hxg4 24. Rxa7 Rc7 25. Rxc7 Qxc7 26. Qxg4 Rd8 27.
Re6 Rxd5 28. Rxg6+ Kf8 29. Rg8+ 1-0